Hierarchical matrices (Record no. 37832)
[ view plain ]
| 000 -LEADER | |
|---|---|
| fixed length control field | 01400nam a2200337 a 4500 |
| 100 1# - MAIN ENTRY--AUTHOR NAME | |
| Personal name | Bebendorf, Mario. |
| 245 10 - TITLE STATEMENT | |
| Title | Hierarchical matrices |
| 260 ## - PUBLICATION, DISTRIBUTION, ETC. (IMPRINT) | |
| Place of publication | Berlin : |
| Name of publisher | Springer, |
| Year of publication | 2008. |
| 300 ## - PHYSICAL DESCRIPTION | |
| Number of Pages | xvi, 290 p. : |
| Other physical details | ill. (some col.). |
| 490 1# - SERIES STATEMENT | |
| Series statement | Lecture notes in computational science and engineering, |
| 650 #0 - SUBJECT ADDED ENTRY--TOPICAL TERM | |
| Topical Term | Matrices. |
| Topical Term | Boundary value problems. |
| Topical Term | Differential equations, Elliptic. |
| 856 40 - ELECTRONIC LOCATION AND ACCESS | |
| Uniform Resource Identifier | http://site.ebrary.com/lib/rucke/Doc?id=10239376 |
No items available.
